| 000 | 01181nam a2200349 a 4500 | ||
|---|---|---|---|
| 001 | 000006765 | ||
| 003 | DO-SdBNP | ||
| 005 | 20170925094218.0 | ||
| 007 | 000006765 | ||
| 008 | 090902s1999 dr a 000 0 spa d | ||
| 020 | _a8489525617 | ||
| 040 |
_aBPMSU _bspa _cBPMSU |
||
| 082 | 4 |
_a378.7293 _bF363i |
|
| 100 | 1 | _aFernández, Jorge Max | |
| 245 | 1 | 0 |
_aINTEC : _bun caso de innovación en la educación superior dominicana / _cJorge Max Fernández. |
| 260 | 0 |
_aSanto Domingo : _bINTEC, _c1999. |
|
| 300 |
_a188 p. : _bil. ; _c22 cm. |
||
| 500 | _aIncluye bibliografía y notas al pie de las páginas | ||
| 504 | _aBibliografía: p. 176-188 | ||
| 610 | 2 | 2 | _aINSTITUTO TECNOLÓGICO DE SANTO DOMINGO |
| 650 | 4 |
_aEDUCACIÓN SUPERIOR _zREPÚBLICA DOMINICANA |
|
| 650 | 4 |
_aUNIVERSIDADES _zREPÚBLICA DOMINICANA |
|
| 650 | 4 |
_aINNOVACIONES EDUCATIVAS _zREPÚBLICA DOMINICANA |
|
| 710 | 2 | 2 | _aInstituto Tecnológico de Santo Domingo |
| 910 | _aValidado. Control de calidad MFF | ||
| 930 | 1 |
_l _m _8 _f _p |
|
| 942 |
_2ddc _cBK |
||
| 945 | _aInventariado / 2017 VM | ||
| 956 |
_a _b _c _l _h |
||
| 956 |
_a _b _c _l _h |
||
| 956 |
_aVMATEO _b10 _c20151619 _lBMET02 _h00151 |
||
| 999 |
_c7922 _d7922 |
||